000
00340nam a2200145Ia 4500
008
230718s9999 xx 000 0 und d
041
_a
Eng.
082
_a
346.043
_b
AWA-R
100
_a
Awang gabel Mahamad
245
0
_a
Rent Restriction 1558
260
_a
Pakistan
_b
Manage beaches
_c
2004
300
_a
144
650
_a
Law
999
_c
29026
_d
29026